LEADER 00980nam0-22003251i-450 001 990005477640203316 005 20210112110636.0 035 $a000547764 035 $aUSA01000547764 035 $a(ALEPH)000547764USA01 100 $a20010829d1976----km y1itay5003----ba 101 0 $aita 102 $aIT 200 1 $aAgricoltura e sviluppo$ela politica agraria del Partito Socialista dal 1973 al 1975$fGiuseppe Avolio$gintroduzione di Alberto Mattei e Mauro Mellano 210 $aVenezia$cMarsilio$d1976 215 $a364 p.$d22 cm 225 2 $aSocialismo oggi$v5 410 1$12001$aSocialismo oggi$v5 606 0 $aPartiti socialisti$2BNCF 676 $a324.2174 700 1$aAVOLIO,$bGiuseppe$0537926 702 1$aMELLANO,$bMauro 702 1$aMATTEI,$bAlberto 801 0$aIT$bSOL$c20120104 912 $a990005477640203316 951 $a300 324.2174 AVO$b307 DISES 959 $aBK 969 $aDISES 996 $aAgricoltura e sviluppo$9920065 997 $aUNISA LEADER 01058nam a22002771i 4500 001 991002752119707536 005 20030804112828.0 008 030925s1898 it |||||||||||||||||ita 035 $ab12333840-39ule_inst 035 $aARCHE-038138$9ExL 040 $aBiblioteca Interfacoltà$bita$cA.t.i. Arché s.c.r.l. Pandora Sicilia s.r.l. 082 04$a923.9 100 1 $aRambaldi, Pier Liberale$0270613 245 10$aAmerigo Vespucci /$cdi Pier Liberale Rambaldi 260 $aFirenze :$bG. Barbèra,$c1898 300 $a228 p. :$britr. ;$c17 cm 440 0$aPantheon : vite d'illustri italiani e stranieri 650 4$aVespucci, Amerigo$xBiografia 907 $a.b12333840$b02-04-14$c08-10-03 912 $a991002752119707536 945 $aLE002 923.9 RAM (Fondo Guerrieri) 945 $aLE002 923.9 RAM (Fondo Guerrieri) 945 $aLE002 St. II H 25$g1$i2002000154712$lle002$o-$pE0.00$q-$rn$so $t0$u0$v0$w0$x0$y.i12735097$z08-10-03 996 $aAmerigo Vespucci$9160082 997 $aUNISALENTO 998 $ale002$b08-10-03$cm$da $e-$fita$git $h0$i1